000 00333nam a2200145Ia 4500
008 090123s9999 xx 000 0 und d
082 _b25639
245 _aखतरा
250 _a0
260 _bराज पॉकेट बुक्स
300 _a62
630 _aखतरा
730 _aखतरा
942 _cBOOK
999 _c63710
_d63710